00753 2200277 4500001002100000005001500021035002500036008004100061020001800102082000800120090002100128100002000149245008100169250001000250260003400260300002800294504001200322650001200334700002300346999002100369040001700390084001400407850001200421990002100433990002100454YOGYA-0411000000087720250623021657 a0010-041100000000877110411s1998 yoi f ind d a979-672-230-504a264 aCB-D.11 1998-098 aMARTASUJITA, E.1 aPanduan tim liturgi paroki /cE. Martasujita; ilustrator, Bambang Shakuntala aCet.13 aYogyakarta :bKanisius,c1998 a66hlm. :bilus. ;c20 m ahlm. 66 4aLiturgi0 aBambang Shakuntala aCB-D.11/1998-098 aYOPDYOGbind a264 MAR p aYOPDYOG aCB-D.11/1998-098 aCB-D.11/1998-098